[Event "Oberliga Nord W 1718"]
[Site "Germany"]
[Date "2018.02.25"]
[Round "7.3"]
[White "Steffens, Olaf"]
[Black "Kyas, Marcel"]
[Result "1/2-1/2"]
[WhiteElo "2260"]
[BlackElo "2211"]
[PlyCount "96"]
[EventDate "2017.10.08"]
[EventType "team-tourn"]
[EventRounds "9"]
[EventCountry "GER"]
[SourceTitle "EXT 2019"]
[Source "ChessBase"]
[SourceDate "2018.10.10"]
[SourceVersion "1"]
[SourceVersionDate "2018.10.10"]
[SourceQuality "1"]
[WhiteTeam "Werder Bremen III"]
[BlackTeam "Goettingen Tempo"]
[WhiteTeamCountry "GER"]
[BlackTeamCountry "GER"]

1. b4 e5 2. a3 d5 3. Bb2 Bd6 4. c4 dxc4 5. e3 Be6 6. Qc2 a5 7. b5 Qf6 8. f4 g5 9. fxg5 Qg6 10. e4 Nd7 11. Nf3 h6 12. Bxc4 Bxc4 13. Qxc4 hxg5 14. Nc3 g4 15. Ng1 Nb6 16. Qb3 Nf6 17. d3 g3 18. h3 Ng4 19. Nd1 0-0-0 20. Nf3 Nd7 21. Ke2 Nc5 22. Qc4 Ne6 23. b6 Nf4+ 24. Kd2 Nxg2 25. bxc7 Rd7 26. hxg4 Rxh1 27. Nc3 Rxc7 28. Qb5 Rh8 29. Rh1 Qg7 30. Nd5 Rc5 31. Nb6+ Kc7 32. Qd7+ Kxb6 33. Bd4 Ka6 34. Rb1 Bc7 35. Bxc5 Qh6+ 36. g5 Qc6 37. Qxc6+ bxc6 38. Rg1 Nf4 39. Rxg3 Rb8 40. Kc2 Kb5 41. Be3 Ka4 42. Bxf4 exf4 43. Rg1 Kxa3 44. e5 Rb2+ 45. Kc3 Rb3+ 46. Kc4 Rb4+ 47. Kc3 Rb3+ 48. Kc4 Rb4+ 1/2-1/2

[Event "Oberliga Nord W 1516"]
[Site "Germany"]
[Date "2016.03.13"]
[Round "8.2"]
[White "Kyas, Marcel"]
[Black "Issing, Peter"]
[Result "1-0"]
[WhiteElo "2180"]
[BlackElo "2199"]
[PlyCount "71"]
[EventDate "2015.09.20"]
[EventType "team-tourn"]
[EventRounds "9"]
[EventCountry "GER"]
[SourceTitle "EXT 2017"]
[Source "ChessBase"]
[SourceDate "2016.10.25"]
[SourceVersion "1"]
[SourceVersionDate "2016.10.25"]
[SourceQuality "1"]
[WhiteTeam "Goettingen Tempo"]
[BlackTeam "Bremer SG"]
[WhiteTeamCountry "GER"]
[BlackTeamCountry "GER"]

1. Nf3 d5 2. d4 c6 3. c4 Nf6 4. e3 a6 5. b3 Bg4 6. Bb2 Nbd7 7. Bd3 e6 8. Nbd2 Bd6 9. Qc2 Rc8 10. Ne5 Bh5 11. 0-0 Ng4 12. Nxg4 Bxg4 13. e4 Bh5 14. e5 Be7 15. c5 Bg6 16. f4 Bxd3 17. Qxd3 g6 18. g4 Nb8 19. Nf3 Kd7 20. f5 Qg8 21. f6 Bd8 22. b4 Bc7 23. a4 h6 24. Bc3 g5 25. b5 Qh7 26. Qxh7 Rxh7 27. b6 Bd8 28. Kg2 Ke8 29. h4 gxh4 30. Nxh4 Nd7 31. a5 Nf8 32. Rh1 Nd7 33. Raf1 Kf8 34. Kg3 Kg8 35. Ng2 Nf8 36. Bd2 1-0

[Event "Oberliga Nord W 1516"]
[Site "Germany"]
[Date "2016.01.17"]
[Round "5.2"]
[White "Hummel, Dirk"]
[Black "Kyas, Marcel"]
[Result "1-0"]
[WhiteElo "2254"]
[BlackElo "2178"]
[PlyCount "93"]
[EventDate "2015.09.20"]
[EventType "team-tourn"]
[EventRounds "9"]
[EventCountry "GER"]
[SourceTitle "CBM 170 Extra"]
[Source "ChessBase"]
[SourceDate "2016.02.25"]
[SourceVersion "1"]
[SourceVersionDate "2016.02.25"]
[SourceQuality "1"]
[WhiteTeam "Hellern"]
[BlackTeam "Goettingen Tempo"]
[WhiteTeamCountry "GER"]
[BlackTeamCountry "GER"]

1. d4 Nf6 2. c4 e6 3. g3 Bb4+ 4. Bd2 a5 5. Nf3 0-0 6. Bg2 d6 7. 0-0 Bxd2 8. Qxd2 Qe7 9. Nc3 e5 10. e4 Nc6 11. h3 Re8 12. Rfd1 b6 13. Rac1 Bb7 14. d5 Nb4 15. Ne1 Rad8 16. Nc2 Nxc2 17. Qxc2 Nd7 18. a3 Nc5 19. b4 axb4 20. axb4 Na6 21. Qb2 Bc8 22. Ra1 Rf8 23. Ra4 f5 24. exf5 Rxf5 25. Qa2 Rdf8 26. Rd2 Nb8 27. Ra7 Rh5 28. g4 Rg5 29. c5 bxc5 30. bxc5 Qd8 31. Ne4 Rg6 32. Ra8 Nd7 33. cxd6 cxd6 34. Rc2 Nb6 35. Rb8 h5 36. Qa5 hxg4 37. hxg4 Rxg4 38. Qxb6 Rxg2+ 39. Kxg2 Qh4 40. Ng3 Qh3+ 41. Kg1 Kh7 42. Rbxc8 Rxc8 43. Rxc8 Qxc8 44. Qxd6 Qc1+ 45. Kg2 Qf4 46. Qe6 g6 47. d6 1-0

[Event "Oberliga Nord W 1516"]
[Site "Germany"]
[Date "2015.11.15"]
[Round "3.3"]
[White "Kyas, Marcel"]
[Black "Hoeffer, David"]
[Result "0-1"]
[WhiteElo "2185"]
[BlackElo "2304"]
[PlyCount "90"]
[EventDate "2015.09.20"]
[EventType "team-tourn"]
[EventRounds "9"]
[EventCountry "GER"]
[SourceTitle "CBM 170 Extra"]
[Source "ChessBase"]
[SourceDate "2016.02.25"]
[SourceVersion "1"]
[SourceVersionDate "2016.02.25"]
[SourceQuality "1"]
[WhiteTeam "Goettingen Tempo"]
[BlackTeam "Delmenhorst"]
[WhiteTeamCountry "GER"]
[BlackTeamCountry "GER"]

1. d4 Nf6 2. Bg5 d5 3. Bxf6 gxf6 4. c4 dxc4 5. e3 Be6 6. Na3 c5 7. Qa4+ Bd7 8. Qxc4 cxd4 9. exd4 e5 10. Ne2 Qa5+ 11. Nc3 Nc6 12. Nc2 Rc8 13. Qd5 Bb4 14. Qxa5 Bxa5 15. 0-0-0 Nxd4 16. Nxd4 exd4 17. Rxd4 Be6 18. Bb5+ Ke7 19. Re1 Bxc3 20. bxc3 Rxc3+ 21. Kb2 Rc7 22. f4 f5 23. g4 Kf6 24. g5+ Kg7 25. Bd3 Rc5 26. h4 h6 27. Re3 Ra5 28. a3 Rc5 29. Be2 Rhc8 30. Rd2 R8c6 31. Kb1 Rc1+ 32. Kb2 Rh1 33. h5 Rb6+ 34. Kc2 Ra1 35. gxh6+ Kxh6 36. Rc3 Rbb1 37. Kd3 Kg7 38. Kd4 Kf6 39. Rh3 Rb6 40. Rdd3 Rd6+ 41. Kc5 Rc1+ 42. Rc3 Rd5+ 43. Kb4 Rb1+ 44. Rb3 a5+ 45. Kc3 Rxb3+ 0-1

[Event "Oberliga Nord W 1415"]
[Site "Germany"]
[Date "2015.02.01"]
[Round "6.1"]
[White "Ivanov, Vladimir"]
[Black "Kyas, Marcel"]
[Result "1-0"]
[WhiteElo "2350"]
[BlackElo "2169"]
[PlyCount "75"]
[EventDate "2014.09.22"]
[EventType "team-tourn"]
[EventRounds "9"]
[EventCountry "GER"]
[SourceTitle "EXT 2016"]
[Source "ChessBase"]
[SourceDate "2015.10.08"]
[SourceVersion "1"]
[SourceVersionDate "2015.10.08"]
[SourceQuality "1"]
[WhiteTeam "Hannover"]
[BlackTeam "Goettingen Tempo"]
[WhiteTeamCountry "GER"]
[BlackTeamCountry "GER"]

1. c4 Nf6 2. g3 g6 3. Bg2 Bg7 4. Nc3 0-0 5. Nf3 d6 6. Kf1 Nc6 7. d3 e5 8. Rb1 a5 9. a3 h6 10. b4 axb4 11. axb4 Be6 12. b5 Ne7 13. Bb2 Nh5 14. Ra1 Qd7 15. Nd2 Rxa1 16. Qxa1 Bh3 17. Qa7 Bxg2+ 18. Kxg2 b6 19. Qb7 Kh7 20. Ra1 f5 21. Ra7 Rc8 22. Qxb6 f4 23. Qb7 Nf5 24. Kf1 fxg3 25. hxg3 Rf8 26. Ke1 Nd4 27. Nce4 Ne6 28. Qc6 Qxc6 29. bxc6 Rb8 30. Rb7 Rc8 31. Nb3 Nd8 32. Na5 Nxb7 33. cxb7 Rb8 34. c5 d5 35. Nd6 Bf8 36. Nc6 Bxd6 37. Nxb8 Bxc5 38. Nc6 1-0

[Event "BL2-Nord 1314"]
[Site "Germany"]
[Date "2014.03.16"]
[Round "8.2"]
[White "Kyas, Marcel"]
[Black "Stachowiak, Kamil"]
[Result "1/2-1/2"]
[WhiteElo "2132"]
[BlackElo "2451"]
[PlyCount "94"]
[EventDate "2013.10.13"]
[EventType "team-tourn"]
[EventRounds "9"]
[EventCountry "GER"]
[SourceTitle "EXT 2015"]
[Source "ChessBase"]
[SourceDate "2014.11.20"]
[SourceVersion "1"]
[SourceVersionDate "2014.11.20"]
[SourceQuality "1"]
[WhiteTeam "Goettingen"]
[BlackTeam "Zehlendorf"]
[WhiteTeamCountry "GER"]
[BlackTeamCountry "GER"]

1. d4 Nf6 2. c4 c5 3. d5 b5 4. cxb5 a6 5. b6 d6 6. Nc3 g6 7. a4 Qxb6 8. a5 Qb4 9. Ra4 Qb7 10. e4 Bg7 11. Nf3 Bg4 12. Be2 Bxf3 13. Bxf3 Nbd7 14. Be2 0-0 15. h4 Rfb8 16. Qd3 Ne5 17. Qg3 h5 18. f4 Neg4 19. Bf3 Qc8 20. e5 Ne8 21. e6 f5 22. Bxg4 hxg4 23. h5 Rb4 24. hxg6 Nf6 25. Qd3 Qe8 26. Rxb4 cxb4 27. Ne2 Ne4 28. Nd4 Qxg6 29. Nc6 Bf6 30. Qc4 Kg7 31. Qxb4 Rh8 32. Rxh8 Kxh8 33. Qb8+ Kg7 34. Qa7 Qh5 35. Nxe7 Qh1+ 36. Ke2 Ng3+ 37. Kd3 Qd1+ 38. Bd2 Qb1+ 39. Kc4 Qa2+ 40. Kd3 Qb1+ 41. Kc4 Qc2+ 42. Bc3 Qa4+ 43. Bb4 Qa2+ 44. Kd3 Qb1+ 45. Kc4 Qc2+ 46. Bc3 Qa4+ 47. Bb4 Qc2+ 1/2-1/2

[Event "BL2-Nord 1314"]
[Site "Germany"]
[Date "2014.02.23"]
[Round "7.2"]
[White "Kyas, Marcel"]
[Black "Schroeder, Christoph"]
[Result "1/2-1/2"]
[WhiteElo "2132"]
[BlackElo "2217"]
[PlyCount "181"]
[EventDate "2013.10.13"]
[EventType "team-tourn"]
[EventRounds "9"]
[EventCountry "GER"]
[SourceTitle "EXT 2015"]
[Source "ChessBase"]
[SourceDate "2014.11.20"]
[SourceVersion "1"]
[SourceVersionDate "2014.11.20"]
[SourceQuality "1"]
[WhiteTeam "Goettingen"]
[BlackTeam "Eppendorf"]
[WhiteTeamCountry "GER"]
[BlackTeamCountry "GER"]

1. d4 d5 2. c4 e6 3. Nf3 c6 4. Nc3 dxc4 5. a4 Bb4 6. e3 b5 7. Bd2 a5 8. axb5 Bxc3 9. Bxc3 cxb5 10. b3 Bb7 11. bxc4 b4 12. Bb2 Nf6 13. Bd3 0-0 14. 0-0 Nbd7 15. Nd2 Qc7 16. Bc2 e5 17. d5 Ba6 18. Rc1 Rfc8 19. Kh1 Qd6 20. f4 exf4 21. Rxf4 Re8 22. Qf3 Ne5 23. Qh3 Ng6 24. Bxg6 fxg6 25. Bxf6 gxf6 26. Ne4 Qxf4 27. exf4 Rxe4 28. Qd7 Rae8 29. h3 b3 30. Kh2 b2 31. Rb1 Bxc4 32. Rxb2 a4 33. Rb7 R4e7 34. Qxe7 Rxe7 35. Rxe7 Bxd5 36. Ra7 Bb3 37. g4 g5 38. f5 h5 39. gxh5 Bc2 40. Ra5 Kg7 41. Ra7+ Kh6 42. Rf7 a3 43. Rxf6+ Kxh5 44. Rf8 Kh6 45. Rh8+ Kg7 46. Ra8 Bxf5 47. Rxa3 Kg6 48. Ra6+ Kg7 49. Kg3 Kf7 50. Ra7+ Kg6 51. Rb7 Kf6 52. Rb5 Kg6 53. Rb3 Kf6 54. Re3 Kg6 55. Kf2 Kf6 56. Rg3 Bg6 57. Rf3+ Bf5 58. Ke3 Kg6 59. Kd4 Bd7 60. Ke5 Bc8 61. Rc3 Bd7 62. Kd6 Bf5 63. Ke7 Kh5 64. Kf6 Bd7 65. Rg3 Kh4 66. Rxg5 Bxh3 67. Rg7 Bg4 68. Ke5 Kh5 69. Kf4 Bd1 70. Rg5+ Kh6 71. Kf5 Kh7 72. Kf6 Kh8 73. Rb5 Bc2 74. Kf7 Bd3 75. Rb4 Bc2 76. Rb8+ Kh7 77. Rb2 Bg6+ 78. Kf6 Bd3 79. Rd2 Be4 80. Rd7+ Kh8 81. Kf7 Kh7 82. Rd6 Bc2 83. Rd2 Bb3+ 84. Kf6 Kh8 85. Kg6 Bc4 86. Rd7 Bb3 87. Rg7 Bc2+ 88. Kh6 Bb3 89. Rb7 Bc4 90. Rb8+ Bg8 91. Kg6 1/2-1/2

[Event "BL2-Nord 1314"]
[Site "Germany"]
[Date "2014.02.09"]
[Round "6.2"]
[White "Wendt, Jan Dietrich"]
[Black "Kyas, Marcel"]
[Result "1-0"]
[WhiteElo "2379"]
[BlackElo "2132"]
[PlyCount "31"]
[EventDate "2013.10.13"]
[EventType "team-tourn"]
[EventRounds "9"]
[EventCountry "GER"]
[SourceTitle "EXT 2015"]
[Source "ChessBase"]
[SourceDate "2014.11.20"]
[SourceVersion "1"]
[SourceVersionDate "2014.11.20"]
[SourceQuality "1"]
[WhiteTeam "Berlin SF II"]
[BlackTeam "Goettingen"]
[WhiteTeamCountry "GER"]
[BlackTeamCountry "GER"]

1. Nf3 Nf6 2. c4 b6 3. g3 Bb7 4. Bg2 g6 5. Nc3 Bg7 6. 0-0 0-0 7. d4 Ne4 8. Nxe4 Bxe4 9. Be3 d6 10. Qd2 Re8 11. Rfd1 Qc8 12. Bh6 Bh8 13. Qf4 f5 14. Bh3 Nd7 15. Qxe4 fxe4 16. Be6# 1-0

[Event "GER-chT U20"]
[Site "Osnabrueck"]
[Date "2012.12.30"]
[Round "7.2"]
[White "Carow, Annelen"]
[Black "Kyas, Marcel"]
[Result "1-0"]
[WhiteElo "2079"]
[BlackElo "2153"]
[PlyCount "59"]
[EventDate "2012.12.27"]
[EventType "team-swiss"]
[EventRounds "7"]
[EventCountry "GER"]
[SourceTitle "EXT 2014"]
[Source "ChessBase"]
[SourceDate "2013.11.20"]
[SourceVersion "1"]
[SourceVersionDate "2013.11.20"]
[SourceQuality "1"]
[WhiteTeam "Heidesheim"]
[BlackTeam "Solingen"]
[WhiteTeamCountry "GER"]
[BlackTeamCountry "GER"]

1. d4 Nf6 2. c4 e6 3. Nc3 Bb4 4. a3 Bxc3+ 5. bxc3 c5 6. e3 b6 7. Bd3 Bb7 8. f3 Nc6 9. Ne2 0-0 10. 0-0 Rc8 11. e4 Ne8 12. d5 Ne5 13. f4 Nxd3 14. Qxd3 f5 15. Ng3 g6 16. Be3 fxe4 17. Nxe4 exd5 18. cxd5 c4 19. Qd2 Rf5 20. Bd4 Rxd5 21. Qe3 Rc6 22. Ng5 Ng7 23. Rae1 Ne6 24. Qh3 Rxg5 25. fxg5 Qxg5 26. Qf3 Qe7 27. Qg3 Qd6 28. Qh4 Nxd4 29. Re8+ Kg7 30. Re7+ 1-0

[Event "NRW Class2 1213"]
[Site "Germany"]
[Date "2012.12.16"]
[Round "4.8"]
[White "Minosjan, Artur"]
[Black "Kyas, Marcel"]
[Result "0-1"]
[WhiteElo "1977"]
[BlackElo "2153"]
[PlyCount "132"]
[EventDate "2012.09.16"]
[EventType "team-tourn"]
[EventRounds "9"]
[EventCountry "GER"]
[SourceTitle "EXT 2017"]
[Source "ChessBase"]
[SourceDate "2016.10.25"]
[SourceVersion "1"]
[SourceVersionDate "2016.10.25"]
[SourceQuality "1"]
[WhiteTeam "Guetersloh"]
[BlackTeam "Solingen III"]
[WhiteTeamCountry "GER"]
[BlackTeamCountry "GER"]

1. e4 d6 2. d4 Nf6 3. Nc3 e5 4. dxe5 dxe5 5. Qxd8+ Kxd8 6. Bg5 Be6 7. 0-0-0+ Nbd7 8. f3 Bc5 9. Na4 Bd6 10. Kb1 Ke7 11. Be3 Rhd8 12. Nh3 h6 13. Be2 c6 14. c4 Bxh3 15. gxh3 b6 16. Rhg1 Nh5 17. h4 Nc5 18. Nc3 Ne6 19. a3 Bc5 20. Bxc5+ Nxc5 21. b4 Ne6 22. b5 Rac8 23. bxc6 Rxc6 24. Nd5+ Kf8 25. Rgf1 Nhf4 26. Nxf4 Rxd1+ 27. Rxd1 Nxf4 28. Bf1 Ke7 29. Kc2 Rd6 30. Rb1 Ng6 31. Rb5 Kf6 32. c5 bxc5 33. Rxc5 Nxh4 34. Be2 Rd7 35. a4 Ng2 36. a5 Nf4 37. Bc4 h5 38. a6 h4 39. Kc3 Ne6 40. Bxe6 Kxe6 41. Kb4 f5 42. Kb5 fxe4 43. fxe4 g5 44. Rc6+ Rd6 45. Rc7 Rb6+ 46. Ka5 h3 47. Rh7 Rb3 48. Rxa7 Rb2 49. Rh7 Rxh2 50. Kb5 Rb2+ 51. Kc4 g4 52. a7 Ra2 53. Rh4 Rxa7 54. Rxg4 Rh7 55. Rg6+ Kf7 56. Rg1 h2 57. Rh1 Rh3 58. Kd5 Kf6 59. Rf1+ Kg5 60. Rh1 Kf6 61. Rf1+ Kg5 62. Rh1 Kf4 63. Rf1+ Ke3 64. Re1+ Kf2 65. Rh1 Kg2 66. Rxh2+ Rxh2 0-1

[Event "GER-chT U20"]
[Site "Osnabrueck"]
[Date "2011.12.29"]
[Round "6.2"]
[White "Kyas, Marcel"]
[Black "Braun, Georg"]
[Result "1-0"]
[WhiteElo "2111"]
[BlackElo "2133"]
[PlyCount "142"]
[EventDate "2011.12.27"]
[EventType "team-swiss"]
[EventRounds "7"]
[EventCountry "GER"]
[SourceTitle "CBM 146 Extra"]
[Source "ChessBase"]
[SourceDate "2012.02.29"]
[SourceVersion "1"]
[SourceVersionDate "2012.02.29"]
[SourceQuality "1"]
[WhiteTeam "Solingen"]
[BlackTeam "Bebenhausen"]
[WhiteTeamCountry "GER"]
[BlackTeamCountry "GER"]

1. d4 Nf6 2. c4 c5 3. d5 b5 4. Nf3 g6 5. cxb5 a6 6. b6 d6 7. Nc3 Qxb6 8. e4 Bg7 9. a4 0-0 10. Nd2 Qb7 11. a5 Bd7 12. Nc4 Bb5 13. Qc2 Nbd7 14. Be2 Ne8 15. b3 Rb8 16. Ra3 Nc7 17. 0-0 Bxc4 18. bxc4 Rfe8 19. Qa4 Red8 20. Bg5 Qb4 21. Nd1 Bf6 22. Bxf6 Nxf6 23. Bd3 Qxa4 24. Rxa4 e5 25. Ra3 Rb4 26. Ne3 Rdb8 27. Raa1 Kg7 28. Rfb1 Nd7 29. Kf1 h5 30. h4 Nf6 31. f3 Ng8 32. Ke1 f6 33. Kd1 Nh6 34. Kc1 Nf7 35. Nc2 Rxb1+ 36. Rxb1 Rxb1+ 37. Kxb1 Nd8 38. Na1 g5 39. hxg5 fxg5 40. Nc2 Nb7 41. Ne3 Kf6 42. Bc2 Nxa5 43. Kb2 Na8 44. Nf5 Nb6 45. Kc3 Nb7 46. Bb3 Nc8 47. Ba4 Ne7 48. Ne3 Ng6 49. Bd7 Nd8 50. Bc8 a5 51. Kb3 Nf4 52. Ka4 g4 53. fxg4 h4 54. g5+ Kxg5 55. Kxa5 Nd3 56. Kb6 Nf2 57. Kc7 Nf7 58. Be6 Nh6 59. Kxd6 Kf4 60. Nf1 Nxe4+ 61. Ke7 Nf5+ 62. Bxf5 Kxf5 63. d6 Nxd6 64. Kxd6 Ke4 65. Kxc5 Kd3 66. Kd5 e4 67. c5 e3 68. Nxe3 Kxe3 69. c6 Kf2 70. c7 Kxg2 71. c8Q h3 1-0

[Event "Karl Mala Memorial op 14th"]
[Site "Frankfurt"]
[Date "2011.07.08"]
[Round "3"]
[White "Boguslawski, Oleg"]
[Black "Kyas, Marcel"]
[Result "0-1"]
[WhiteElo "2493"]
[BlackElo "2122"]
[PlyCount "52"]
[EventDate "2011.07.07"]
[EventType "swiss"]
[EventRounds "7"]
[EventCountry "GER"]
[SourceTitle "EXT 2012"]
[Source "ChessBase"]
[SourceDate "2011.11.24"]
[SourceVersion "1"]
[SourceVersionDate "2011.11.24"]
[SourceQuality "1"]

1. e4 e5 2. Nf3 Nc6 3. Bb5 a6 4. Ba4 Nf6 5. 0-0 Be7 6. Re1 b5 7. Bb3 0-0 8. a4 b4 9. d3 d6 10. Nbd2 Na5 11. Ba2 c5 12. c3 Nc6 13. Nf1 h6 14. Ne3 Re8 15. Nh4 bxc3 16. bxc3 Nxe4 17. Qf3 Bxh4 18. Bxf7+ Kh8 19. Bxe8 Bxf2+ 20. Kf1 Qxe8 21. Re2 Bxe3 22. Bxe3 Nf6 23. Rf2 Bg4 24. Qg3 Qg6 25. Kg1 Qxd3 26. Rd2 Qxc3 0-1

[Event "GER-ch Net final U25"]
[Site "Playchess.com INT"]
[Date "2011.05.18"]
[Round "3"]
[White "Kyas, Marcel"]
[Black "Braun, Christian"]
[Result "0-1"]
[WhiteElo "2253"]
[BlackElo "2612"]
[PlyCount "78"]
[EventDate "2011.05.18"]
[EventType "swiss (blitz)"]
[EventRounds "9"]
[EventCountry "GER"]
[SourceTitle "CBM 142 Extra"]
[Source "ChessBase"]
[SourceDate "2011.06.27"]
[SourceVersion "1"]
[SourceVersionDate "2011.06.27"]
[SourceQuality "1"]

1. d4 g6 2. c4 Bg7 3. Nf3 d6 4. g3 Nc6 5. h3 e5 6. dxe5 dxe5 7. Qxd8+ Nxd8 8. Nc3 Ne6 9. Bg2 Ne7 10. Bd2 f5 11. 0-0-0 e4 12. Ng5 h6 13. Nxe6 Bxe6 14. Nb5 0-0-0 15. b3 a6 16. Bc3 Rxd1+ 17. Rxd1 axb5 18. Bxg7 Rh7 19. Bf6 bxc4 20. Kb2 Nc6 21. f3 cxb3 22. axb3 Rf7 23. Bc3 exf3 24. Bxf3 Nd8 25. Be5 Bd7 26. Rc1 Bc6 27. b4 Bxf3 28. exf3 Nc6 29. Bc3 Re7 30. Rc2 Ne5 31. f4 Nc4+ 32. Kb3 b5 33. g4 Re4 34. Rf2 Re3 35. Kc2 Rxh3 36. gxf5 gxf5 37. Rg2 Kb7 38. Rg6 Ne3+ 39. Kb3 Nd5 0-1

[Event "GER-ch Net final U25"]
[Site "Playchess.com INT"]
[Date "2011.05.18"]
[Round "9"]
[White "Kyas, Marcel"]
[Black "Fuchs, Judith"]
[Result "1-0"]
[WhiteElo "2253"]
[BlackElo "2483"]
[PlyCount "83"]
[EventDate "2011.05.18"]
[EventType "swiss (blitz)"]
[EventRounds "9"]
[EventCountry "GER"]
[SourceTitle "CBM 142 Extra"]
[Source "ChessBase"]
[SourceDate "2011.06.27"]
[SourceVersion "1"]
[SourceVersionDate "2011.06.27"]
[SourceQuality "1"]

1. d4 Nf6 2. c4 g6 3. g3 Bg7 4. Bg2 d6 5. Nf3 0-0 6. 0-0 c6 7. Nc3 a6 8. h3 b5 9. b3 b4 10. Nb1 Qc7 11. Bb2 a5 12. Nbd2 Bf5 13. Re1 Ne4 14. Rc1 Na6 15. Nh4 Nxd2 16. Nxf5 Nxb3 17. Nxe7+ Qxe7 18. axb3 Qd7 19. Qd2 Nc7 20. Ra1 d5 21. Rec1 Ne6 22. e3 h5 23. Qc2 Rfc8 24. h4 Bh6 25. Qd3 Bg7 26. Rc2 Rc7 27. Qe2 Qe7 28. cxd5 cxd5 29. Bxd5 Rac8 30. Rxc7 Rxc7 31. Qd2 Qd6 32. Rxa5 Qb6 33. Ra1 Kh7 34. Rc1 Ra7 35. e4 Nxd4 36. Bxd4 Bxd4 37. Rc6 Qb5 38. Qxd4 Ra2 39. Rc7 Ra1+ 40. Qxa1 Qxd5 41. exd5 Kh6 42. Rc8 1-0

[Event "GER-ch Net qual4 U25"]
[Site "Playchess.com INT"]
[Date "2011.05.11"]
[Round "6"]
[White "Carow, Johannes"]
[Black "Kyas, Marcel"]
[Result "0-1"]
[WhiteElo "2451"]
[BlackElo "2252"]
[PlyCount "142"]
[EventDate "2011.05.11"]
[EventType "swiss (blitz)"]
[EventRounds "7"]
[EventCountry "GER"]
[SourceTitle "CBM 142 Extra"]
[Source "ChessBase"]
[SourceDate "2011.06.27"]
[SourceVersion "1"]
[SourceVersionDate "2011.06.27"]
[SourceQuality "1"]

1. c4 c6 2. Nf3 d5 3. b3 Nf6 4. Qc2 e6 5. Bb2 Nbd7 6. e3 Bd6 7. Be2 0-0 8. Nc3 Qe7 9. h4 dxc4 10. bxc4 e5 11. Ng5 Ba3 12. Bxa3 Qxa3 13. 0-0 h6 14. Nf3 Qe7 15. d3 Re8 16. Nd2 Nc5 17. Nb3 Nxb3 18. axb3 Bf5 19. e4 Bg4 20. f3 Be6 21. Ra5 Nh5 22. Rxe5 Qxh4 23. f4 Nxf4 24. Bf3 Nh3+ 25. Kh1 Nf4+ 26. Kg1 Bg4 27. Rxe8+ Rxe8 28. Bxg4 Qxg4 29. Rf3 Ng6 30. Qf2 f6 31. d4 Qh5 32. Rf5 Qh4 33. Rf3 Qxf2+ 34. Kxf2 Kf7 35. Re3 h5 36. g3 Nf8 37. Re1 Ne6 38. Ke3 g5 39. Rf1 Kg6 40. Kd3 h4 41. gxh4 gxh4 42. Rg1+ Kh5 43. Ne2 Ng5 44. Nf4+ Kh6 45. Re1 h3 46. e5 fxe5 47. dxe5 Rf8 48. Ke3 Re8 49. Kd3 Nf3 50. Rh1 h2 51. Kc3 Rg8 52. Ne2 Rg2 53. Kd3 Nxe5+ 54. Ke3 Ng4+ 55. Kf3 Rf2+ 56. Kxg4 Rxe2 57. b4 Rb2 58. b5 cxb5 59. cxb5 Kg6 60. Kf4 Kf6 61. Ke4 Kg5 62. Kf3 Kf5 63. Kg3 b6 64. Rf1+ Ke4 65. Ra1 Ke3 66. Re1+ Kd4 67. Rh1 Kc5 68. Ra1 Kxb5 69. Rh1 Kc5 70. Re1 b5 71. Rh1 b4 0-1

[Event "GER-ch Net qual4 U25"]
[Site "Playchess.com INT"]
[Date "2011.05.11"]
[Round "1"]
[White "Commercon, Simon"]
[Black "Kyas, Marcel"]
[Result "1-0"]
[WhiteElo "1818"]
[BlackElo "2252"]
[PlyCount "119"]
[EventDate "2011.05.11"]
[EventType "swiss (blitz)"]
[EventRounds "7"]
[EventCountry "GER"]
[SourceTitle "CBM 142 Extra"]
[Source "ChessBase"]
[SourceDate "2011.06.27"]
[SourceVersion "1"]
[SourceVersionDate "2011.06.27"]
[SourceQuality "1"]

1. d4 d5 2. Nf3 Nf6 3. g3 b5 4. a4 bxa4 5. Nc3 Bb7 6. Bg2 Nbd7 7. Nxa4 e6 8. 0-0 Bd6 9. b3 0-0 10. Ba3 Bxa3 11. Rxa3 Qe7 12. Qa1 Ne4 13. Ne5 Nxe5 14. dxe5 Rfd8 15. Nb2 a6 16. Nd3 c5 17. Ra5 c4 18. Bxe4 dxe4 19. Nc5 cxb3 20. cxb3 Bd5 21. Qc3 Rdc8 22. b4 Rc6 23. Rfa1 Qc7 24. Qd4 Qc8 25. e3 h6 26. Kg2 Kh7 27. h3 Kg8 28. Kh2 Kh7 29. g4 Kg8 30. Kg3 Kh7 31. Nxe4 Rc4 32. Rxd5 Rxd4 33. Rxd4 Qc7 34. Nd6 a5 35. Rxa5 Rxa5 36. bxa5 Qxa5 37. Nxf7 Kg8 38. Rf4 Qe1 39. Kg2 Qd2 40. Nd6 Qd5+ 41. Re4 g6 42. Kg3 Kg7 43. f3 Qd2 44. Nc4 Qe1+ 45. Kg2 Qe2+ 46. Kg3 g5 47. Rd4 Qf1 48. f4 Qg1+ 49. Kf3 Qh2 50. fxg5 Qxh3+ 51. Ke2 Qg2+ 52. Kd3 hxg5 53. Kc3 Qf1 54. Kb4 Qe1+ 55. Kc5 Qc3 56. Kd6 Kf7 57. Kd7 Qb3 58. Nd6+ Kf8 59. Rc4 Qb8 60. Rc8+ 1-0

[Event "GER-ch Net qual4 U25"]
[Site "Playchess.com INT"]
[Date "2011.05.11"]
[Round "5"]
[White "Kyas, Marcel"]
[Black "Kim, Oi Sin"]
[Result "1/2-1/2"]
[WhiteElo "2252"]
[BlackElo "2133"]
[PlyCount "138"]
[EventDate "2011.05.11"]
[EventType "swiss (blitz)"]
[EventRounds "7"]
[EventCountry "GER"]
[SourceTitle "CBM 142 Extra"]
[Source "ChessBase"]
[SourceDate "2011.06.27"]
[SourceVersion "1"]
[SourceVersionDate "2011.06.27"]
[SourceQuality "1"]

1. d4 Nf6 2. c4 e6 3. g3 Bb4+ 4. Nd2 0-0 5. Bg2 d5 6. Ngf3 b6 7. 0-0 Bb7 8. cxd5 exd5 9. Ne5 c6 10. Ndf3 Bd6 11. Bg5 h6 12. Bf4 Qc7 13. Rc1 Nbd7 14. Qc2 Rac8 15. Bh3 Rce8 16. Rfe1 c5 17. Nxd7 Nxd7 18. Bxd6 Qxd6 19. Bxd7 Qxd7 20. dxc5 Rc8 21. b4 d4 22. Qd3 Rfd8 23. cxb6 axb6 24. Rxc8 Qxc8 25. Rd1 Qh3 26. Qc4 Bxf3 27. exf3 Qd7 28. Rd3 Kh7 29. Kg2 h5 30. a4 g6 31. a5 bxa5 32. bxa5 Qa7 33. a6 Rd6 34. h3 Rxa6 35. Rxd4 Re6 36. Rd8 Qa1 37. Rd7 Qf6 38. Rd4 Kg7 39. Rf4 Qe5 40. Qc8 Rf6 41. Rxf6 Qxf6 42. Qc4 Qe5 43. Qe4 Qc3 44. f4 Kg8 45. g4 hxg4 46. hxg4 Kf8 47. Qe5 Qc6+ 48. Kg3 Qd7 49. Qc5+ Kg8 50. Qe3 Kf8 51. Qe4 Kg8 52. Qe5 Kf8 53. f5 gxf5 54. gxf5 Qd3+ 55. f3 Qd1 56. f6 Qg1+ 57. Kf4 Qh2+ 58. Ke4 Qe2+ 59. Kf5 Qxf3+ 60. Kg5 Qg2+ 61. Kh4 Qh1+ 62. Kg3 Qg1+ 63. Kh3 Qf1+ 64. Kg3 Qd3+ 65. Kg4 Qd1+ 66. Kh3 Qf1+ 67. Kg3 Qg1+ 68. Kh3 Qh1+ 69. Kg3 Qg1+ 1/2-1/2

[Event "GER-ch Net qual4 U25"]
[Site "Playchess.com INT"]
[Date "2011.05.11"]
[Round "2"]
[White "Wedrychowski, Lukas"]
[Black "Kyas, Marcel"]
[Result "0-1"]
[WhiteElo "1647"]
[BlackElo "2252"]
[PlyCount "37"]
[EventDate "2011.05.11"]
[EventType "swiss (blitz)"]
[EventRounds "7"]
[EventCountry "GER"]
[SourceTitle "CBM 142 Extra"]
[Source "ChessBase"]
[SourceDate "2011.06.27"]
[SourceVersion "1"]
[SourceVersionDate "2011.06.27"]
[SourceQuality "1"]

1. d4 d5 2. c4 c6 3. Nf3 Nf6 4. e3 e6 5. b3 Nbd7 6. Nbd2 Bd6 7. Bb2 0-0 8. Bd3 Qe7 9. c5 Bc7 10. e4 dxe4 11. Nxe4 e5 12. 0-0 exd4 13. Re1 Ne5 14. Nxf6+ Qxf6 15. Bxd4 Nxf3+ 16. gxf3 Qf4 17. Re4 Qxh2+ 18. Kf1 Bf5 19. Re7 0-1